Optimálny transport a optický tok v registrácii obrazu

Gespeichert in:
Bibliographische Detailangaben
1. Verfasser: Meszáros, Michal (Verfasst von)
Weitere Verfasser: Sarkoci, Peter (Betreuung Doktorarbeit)
Format: Manuskript Buch
Sprache:Slowakisch
Veröffentlicht: 2015
Schlagworte:
Online-Zugang:http://is.stuba.sk/zp/portal_zp.pl?podrobnosti=111371
https://opac.crzp.sk/?fn=detailBiblioForm&sid=78283B71680DBAF21943D01D22D4
Tags: Tag hinzufügen
Keine Tags, Fügen Sie das erste Tag hinzu!

MARC

LEADER 00000ntm a22000003a 4500
001 stuzp53276
003 SK-STU
005 20231025145320.4
007 ta
008 150427s2015----xo-----f-mn---000-0-slo-d
040 |a STU  |b slo 
041 0 |a slo 
100 1 |a Meszáros, Michal  |u 010220  |4 aut  |U SvF Stavebná fakulta  |T SvF Katedra matematiky a deskriptívnej geometrie  |X 7465  |U V220  |Y 23  |7 A000007465 
242 0 1 |a Image registration by mehtods of aptical flow and optimal transport  |y eng 
245 1 0 |a Optimálny transport a optický tok v registrácii obrazu 
260 |c 2015 
650 4 |a Optimálny transport  |2 slo 
650 4 |a Optický tok  |2 slo 
650 4 |a Registrácia obrazu  |2 slo 
650 4 |a Optical flow  |2 eng 
650 4 |a Optimal transport  |2 eng 
650 4 |a Image registration  |2 eng 
700 1 |a Sarkoci, Peter  |4 ths  |X 4441  |7 A000004441 
856 4 |u http://is.stuba.sk/zp/portal_zp.pl?podrobnosti=111371 
856 4 |u https://opac.crzp.sk/?fn=detailBiblioForm&sid=78283B71680DBAF21943D01D22D4 
SQL |a stuzp53276  |b DDP  |c SLO  |d Optimálny transport a optický tok v registrácii obrazu  |e 7465  |f Meszáros, Michal  |g 010220  |h 4441  |i Sarkoci, Peter  |j 20150617  |k 15  |l 01  |m http://is.stuba.sk/zp/portal_zp.pl?podrobnosti=111371  |n I-MPM  |o 9.1.9. aplikovaná matematika